000 01504cam a22004454i 4500
003 PE-LiUPU
005 20250731165553.0
008 150625s r 000 0 d
035 _a(Sirsi) a34655
035 _a(Sirsi) a34655
040 _aPE-LiUPU
_bspa
_cPE-LiUPU
_erda
082 0 4 _a985.04
_bD
_221
100 1 _aTemple, Ella Dunbar,
_d1917-1998,
_eautor.
245 1 3 _aLa universidad :
_blibros de posesiones de cátedras y actos académicos, 1789-1826. Grados de bachilleres en cánones y leyes. Grados de abogados /
_cElla Dunbar Temple.
264 1 _aLima :
_bComisión Nacional del Sesquicentenario de la Independencia del Perú,
_c1974.
300 _av. 1; 24 cm.
336 _atext
_2rdacontent
337 _aunmediated
_2rdamedia
338 _avolume
_2rdacarrier
490 0 _aColección Documental de la Independencia del Perú ;
_v19 / 1
526 _aSEG44
526 _aSEG26
526 _aP151
526 _aP150
526 _aP149
526 _aP146
526 _aP145
526 _aP126
526 _aP125
526 _aP92
526 _aP75
526 _aP74
526 _aP27
526 _aP15
650 0 4 _aUniversidad
_zPerú
_xHistoria.
942 _2ddc
_cBK
949 _aRC 985.04 D 19 / 1
_wDEWEY
_c1
_i17025
_lRC
_mBUL
_r0
_sY
_tBOOK
_u2015-6-25
_xBIBLIOTECA
_zUNKNOWN
_0COMPRA
_o.CIRCNOTE. No olvidar cambiar la fecha de devolución!!!!!!!
_o.STAFF. Colección General
999 _c42535
_d42535
980 _81
_gALBERTO SANCHEZ Responsable de Automatización